000 01043naa a22002897a 4500
001 BR8105911
003 BR-BrBNA
005 20250716171945.0
007 ta
008 250630b bl.|||m| |||| 00| 0 por d
040 _aBR-BrBNA
_bpor
_cBiblioteca Nacional de Agricultura
041 _a(Pt)
072 _aF00
_b0170
090 _aF00 BR8105911
100 1 _aFranca, G.E. de
100 1 _aMaciel, G.A.
245 1 _aCurso de extensao sobre a cultura do sorgo granifero. Tecnologia da producao [Sorghum bicolor]
500 _aCurso de Extensao sobre a cultura do sorgo-1980 Recife, PE (Brasil): 1981. p. 33-43 [6 ref.; 11 tables] (BR8105911-AMS)
773 0 _tCurso de Extensao sobre a cultura do sorgo-1980
_wF00 BR8105911
_gRecife, PE (Brasil), 1981. p. 33-43
650 _aSORGO GRANIFERO
650 _aTECNOLOGIA AGRICOLA
650 _aCOLHEITA
650 _aPLANTIO
490 _aDocumentos - Empresa Pernambucana de Pesquisa Agropecuaria (Brazil)
_vno. 1
942 _cAMS
_2AGRIS
909 _a202506
_bLúcia
_c55
_dLúcia Elande
999 _c333830
_d333830